Estatísticas para Revisão - PM2 (Seção: Geografia)

Clique aqui para jogar o quiz

Estatísticas Gerais

  • Esse quiz foi jogado 49 vezes
  • A pontuação média é 6 de 10

Estatísticas das Respostas

QuestãoResposta% Correto
COMPLETE: O __________ é um fenômeno que ocorre quando há vazamento do magma em forma de lava — além de gases e outros materiais — do interior da Terra para a superfície.Vulcanismo
89%
DEFINA placas tectônicas.São porções da camada externa da estrutura terrestre chamada de litosfera, onde estão localizados os continentes e oceanos. Elas estão em constante movimento, e se encaixam como num quebra-cabeça.
76%

O Parque Estadual de Vila Velha, localizado em Ponta Grossa, no Paraná, é um sítio geológico famoso por suas formações de arenito. Acima, uma foto da "Taça", o principal cartão-postal do parque. O ARENITO é uma rocha...

Sedimentar
69%
CITE os três TIPOS DE ROCHA existentes.Ígneas, sedimentares e metamórficas
64%
Como são formadas as rochas sedimentares?São formadas a partir dos restos (sedimentos) de rochas e matérias orgânicas, que se acumulam e solidificam.
64%
ANALISE as imagens, e APONTE qual delas indica o movimento DIVERGENTE das placas tectônicas
60%
As rochas METAMÓRFICAS — como o mármore e o gnaisse — são rochas que passam por mudanças de pressão e temperatura no interior da Terra, para formar novas rochas. VERDADEIRO OU FALSO?Verdadeiro
60%
ASSINALE a alternativa CORRETA sobre rochas ígneas INTRUSIVAS, e rochas ígneas EXTRUSIVAS.Por serem resfriadas no interior da terra, as rochas ígneas intrusivas resfriam lentamente.
44%
Sobre a teoria da deriva continental, ASSINALE a alternativa INCORRETA.A Pangeia começou a se fragmentar na Era Proterozoica, e deu origem à dois continentes: Laurásia, e Gondwana.
27%
Os terremotos são fenômenos de vibração brusca e passageira da superfície da Terra que ocorrem por meio da movimentação das placas tectônicas. Sua magnitude, e quantidade de energia liberada durante o abalo são medidas a partir da Escala Richter. O EPICENTRO de um terremoto, é o local onde o terremoto se origina, entre duas placas tectônicas, e a superfície acima do epicentro, onde o sismo é sentido com mais intensidade, chama-se HIPOCENTRO. VERDADEIRO OU FALSO?Falso
22%

Distribuição das Pontuações

Percentil de Números Respondidos

Porcentagem de Pessoas com Cada Pontuação

Sua Pontuação Histórica

Você não jogou esse quiz